00447nam a2200145Ia 4500003000500000005001700005008004100022020002900063040001400092082001900106245006400125260004800189300004300237490002100280322820240823124237.0210817s9999 xx 000 0 und d a9781920316464qPaperback aRDAc3228 aJ 595.789 ENGL 0aEnglish-First Additional Language. Grade 11: reading Skills aJohannesburg:bLearning Channel Ltd;c2008. a12 Pagesbillustrationsc21 cme1 disc aLearning channel